| 000 | 00525nam a2200217 a 4500 | ||
|---|---|---|---|
| 999 |
_c11783 _d11783 |
||
| 001 | 11783 | ||
| 003 | BD-JhCC | ||
| 005 | 20201014121049.0 | ||
| 008 | 201014s2015 ii a|||| |||| 000 0 eng d | ||
| 020 | _a9789381607497 | ||
| 035 | _a(BD-JhCC)11783 | ||
| 040 |
_aBD-JhCC _dBD-JhCC |
||
| 041 | _aeng | ||
| 082 |
_a808.831 _bSTO 2018 |
||
| 245 | _a365 stories from around the world / | ||
| 260 |
_aIndia : _bOM KIDZ, _c2018. |
||
| 300 |
_a225 _billus. ; |
||
| 490 | _a365 | ||
| 650 | _aChildren's stories | ||
| 942 |
_2ddc _cBK |
||